[Event "COL-ch Visually impaired"]
[Site "Cartagena"]
[Date "2019.12.06"]
[Round "1.1"]
[White "Quintero, Raul"]
[Black "Castillo, Jesus"]
[Result "1-0"]
[WhiteElo "1937"]
[BlackElo "1630"]
[PlyCount "35"]
[EventDate "2019.12.06"]
[EventType "swiss (rapid)"]
[EventRounds "6"]
[EventCountry "COL"]
[SourceTitle "EXT 2024"]
[Source "ChessBase"]
[SourceDate "2023.10.10"]
[SourceVersion "1"]
[SourceVersionDate "2023.10.10"]
[SourceQuality "1"]

1. Nf3 Nf6 2. b3 d5 3. Bb2 e6 4. e3 Bd6 5. a3 c6 6. Be2 Nbd7 7. d4 c5 8. 0-0 0-0 9. Nbd2 Qc7 10. c4 cxd4 11. Nxd4 a6 12. Rc1 Qd8 13. cxd5 Nxd5 14. Ne4 Be5 15. g3 Bxd4 16. Qxd4 N7f6 17. Rfd1 Nxe4 18. Qxg7# 1-0

[Event "Bogota Bonita op"]
[Site "Bogota"]
[Date "2019.09.26"]
[Round "1"]
[White "Castillo, Jesus"]
[Black "Suarez Pinto, Sergio Rafael"]
[Result "1/2-1/2"]
[WhiteElo "1581"]
[BlackElo "1871"]
[PlyCount "116"]
[EventDate "2019.09.26"]
[EventType "swiss"]
[EventRounds "7"]
[EventCountry "COL"]
[SourceTitle "EXT 2020"]
[Source "ChessBase"]
[SourceDate "2019.10.17"]
[SourceVersion "1"]
[SourceVersionDate "2019.10.17"]
[SourceQuality "1"]

1. e4 e5 2. Nf3 Nc6 3. Bb5 a6 4. Ba4 Nf6 5. 0-0 Be7 6. Re1 b5 7. Bb3 d6 8. c3 Na5 9. Bc2 c5 10. h3 0-0 11. d4 Qc7 12. d5 Nc4 13. b3 Nb6 14. Nbd2 Re8 15. Nf1 h6 16. g4 Bf8 17. Ng3 g6 18. Kh1 Kh7 19. Rg1 c4 20. Bxh6 Nxg4 21. hxg4 Bxh6 22. g5 Bg7 23. Qd2 Bh3 24. Nh4 Rh8 25. Kh2 Qd7 26. Ngf5 gxf5 27. Kxh3 fxe4+ 28. Kg3 Kg8 29. Bxe4 cxb3 30. axb3 Nc8 31. Bf3 Ne7 32. Bg4 Qc7 33. Rh1 e4 34. Rac1 Be5+ 35. Kg2 Kg7 36. f4 exf3+ 37. Nxf3 Ng6 38. Nxe5 Nxe5 39. Bf5 Qc5 40. Qf4 Rag8 41. Bh7 Qxd5+ 42. Be4 Qe6 43. Rxh8 Rxh8 44. Rh1 Qg4+ 45. Qxg4 Nxg4 46. Ra1 Rh5 47. Rxa6 Rxg5 48. Rxd6 Rc5 49. Rc6 Re5 50. Bd3 f5 51. b4 Kf7 52. Rc5 Rxc5 53. bxc5 Ke6 54. Bxb5 Nf6 55. c6 Kd6 56. Kf3 Nd5 57. c4 Nf6 58. c7 Kxc7 1/2-1/2